000 00420nam a2200169Ia 4500
008 221030s9999 xx 000 0 und d
020 _a8126554270
041 _aEnglish
100 _aA. Silberchatz
245 0 _aOperating System Concepts
_cby A. Silberchatz, P. B. Galvin
250 _a9th
260 _bWiley India
_aDelhi
_c2015
300 _a856
650 _aComputers
700 _aP. B. Galvin
942 _cBK
999 _c15685
_d15685